| 000 | 02775nas1a22004451i 4500 | ||
|---|---|---|---|
| 001 | RU\NLR\INFOCOMM29\5000075576 | ||
| 005 | 20240726040134.0 | ||
| 035 | _a(NLR Aleph) 002414519 | ||
| 090 |
_a1846908 _c1846908 |
||
| 100 | _a20050118c1949 |||y0rusy50 ca | ||
| 101 | 0 | _arus | |
| 102 | _aRU | ||
| 110 | _azyuzz 0|y| | ||
| 200 | 1 |
_aСборник статей _fИн-т им. П.И. Баранова |
|
| 207 | 1 | _a№1 | |
| 210 |
_aМ. _cОборонгиз _d1949- |
||
| 710 | 0 | 2 |
_aЦентральный научно-исследовательский институт авиационного моторостроения им. П.И. Баранова _cМосква _4070 |
| 801 | 1 |
_aRU _bInfoComm _c20050118 |
|
| 801 | 0 |
_aRU _bNLR _gPSBO |
|
| 852 |
_aNLR _jП10/864 |
||
| 942 | _cCOLLECTION | ||
| 980 | _aRUSPER | ||